00651nam a2200181 i 450000100060000000300090000600500170001500700030003200800410003510000280007624500900010425000150019426000540020930000360026385200320029999900170033195201210034889695ES-MaACL20230906180241.0t|050112s1954 xxk ||||1| eng d1 aLawden, Derek F.97073610aMathematics of engineering systems b: (Linear and Non-Linear) /cby Derek F. Lawden. a[1st ed.]. aLondon : bMethuen, c[1954] (fThe Pitman Press) aVIII, 380 p. : bil. ; c22 cm. aES-MaACLjC-10981 bR.39104 c89695d89695 00104070aATENEOMbATENEOMcSPALd2008-01-17eSCl0oC-10981p1093676r2023-02-23 00:00:00w2023-02-23yMONOGRAFIA